000 00471nam a2200205Ia 4500
003 OSt
005 20220923230913.0
006 a|||||r|||| 00| 0
007 ta
008 Pun
024 _a306,319
037 _cTextual
040 _aARTS
_cARTS
_bPun
041 _2Pun
_aPun
082 _aO157,2M61x, 153K5
245 0 _aਟੈਗੋਰ ਦੇ ਨਾਟਕ
260 _c1965
942 _hO157,2M61x, 153K5
_cTEXL
_2CC
999 _c388105
_d388105